Resident Evil Series Trivia - Statistics

General Stats
  • This quiz has been taken 252 times
  • The average score is 9 of 26
Answer Stats
Hint Answer % Correct
Name of the elite police force sent to investigate Arklay Mansion. STARS
95%
The name of the virus sample Ada tasks Leon with collecting in RE2. Hint: It's a letter. G
73%
Gain an achievement by shooting this on Mr. X in RE2 Remake. Hat
69%
Color of Albert Wesker's eyes underneath his sunglasses in RE5. Red
64%
The type of humanoid bioweapon featured as a pursuer-type enemy in RE2, RE3 Nemesis, and their respective remakes. Tyrant
63%
Total number of mainline games in the series. 12
62%
What Leon rescues from a bear trap towards the beginning of RE4. Dog
59%
Shorthand for Bio-Organic Weapon often used in the series. BOW
55%
Most powerful weapon type in the game (excluding the rocket launcher.) Often has difficult to create ammo, which is generally hard to find from breakable objects. Magnum
45%
2005's Resident Evil Four changed previous game formatting by introducing an over the shoulder... Camera
43%
In the original Resident Evil, Chris Redfield calls Jill the "Master of..." in one of the most famous examples of bad video game voice acting. Unlocking
39%
The engine introduced in Resident Evil 7 Biohazard that has since been used for a number of Capcom titles, including Dragon's Dogma 2. RE Engine
36%
The name of the E-Series bioweapon they created, which terrorized the Baker family in RE7. Eveline
34%
The custom firearm that members of the above use. Samurai Edge
28%
Town that Resident Evil 7 Biohazard takes place in. Dulvey
19%
Bioweapons organization that Mia Winters works for in RE7. Connections
17%
Developer of the above. Robert Kendo
15%
Most recent voice actor for Leon S. Kennedy (As of 2023) Nick Apostolides
9%
In RE6, players find that Chris Redfield cannot read... Music
7%
Region of Spain where RE4 and RE4 Remake take place. Valdelobos
6%
Most recent voice actor for Ada Wong (As of 2019) Lily Gao
5%
Most recent voice actor for Jill Valentine (As of 2019) Nicole Tompkins
4%
Name of the crashed ship in RE7. Annabelle
3%
Most recent voice actor for Chris Redfield (As of 2021) Jeff Schine
3%
Voice actor for Ethan Winters. Todd Soley
3%
Most recent voice actor for Claire Redfield (As of 2019) Stephanie Panisello
2%
No matching quizzes found
Score Distribution
Percent of People with Each Score
Percentile by Number Answered
Your Score History
You have not taken this quiz